000 00508nam a2200169Ia 4500
999 _c274
_d274
003 OSt
005 20210909114536.0
008 190216s9999||||xx |||||||||||||| ||und||
040 _coclc
082 _a297
_bABD/A
100 _aAbdullah, Shamshudeen Abu
_98816
245 0 _aAlvabilu Ssabiyy Va Rafiul Kalimu Ttayyib /
_cShamshudeen Abu Abdullah
260 _bSahib Al Saybani Al Sheikh Khalif Bin H,
300 _a316p
650 _aArabic
942 _cBK
_2ddc
_h297
_iABD/A
_k297
_mABD/A